000 00406nam a2200121Ia 4500
008 241015s9999 xx 000 0 und d
041 _aeng
082 _a658 AND
100 _aAnderson/ Sweeney/ Williams/ Camm/ Cochran/ Fry/ Ohlmann
245 _aAn Introduction To Management Science: Quantitative Approaches To Decision Making
260 _bCengage Learning India
_aDehli
_c2019
300 _a760;. P. 27 cm
999 _c41807
_d41807